| 000 | 00530nam a2200181Ia 4500 | ||
|---|---|---|---|
| 003 | GCL | ||
| 008 | 140319s9999 xx 000 0 ara d | ||
| 040 |
_aGCL / _cGCL |
||
| 082 | 0 | 4 |
_aط _b813.087 _bم ط |
| 100 | 1 | _aمحمد ابراهيم سلطان | |
| 245 | 1 | 0 |
_aالطفل العجيب / _cمحمد ابراهيم سلطان |
| 700 | 1 | _aمحمد ابراهيم سليم | |
| 300 | _a73 ص | ||
| 490 |
_aالسلسلة البيضاء _v0 |
||
| 650 | 0 | 4 | _aالاطفال |
| 650 | 0 | 4 | _aقصص الاطفال |
| 942 |
_2ddc _cBK |
||
| 999 |
_c44939 _d44939 |
||